| 000 | 00582nam a2200181Ia 4500 | ||
|---|---|---|---|
| 999 |
_c36887 _d36887 |
||
| 003 | OSt | ||
| 005 | 20201230110715.0 | ||
| 008 | 190216s9999||||xx |||||||||||||| ||und|| | ||
| 020 | _a9788131707609 | ||
| 040 | _coclc | ||
| 082 |
_a616.852706 _bDOS/D |
||
| 100 |
_aDosani, Sabina _97969 |
||
| 245 | 0 |
_aDefeat Depression : _bTips And Techniques For Healing a Troubled Mind / _cSabina Dosani |
|
| 260 |
_bPearson Education International, _c2008. _aNew Delhi: |
||
| 300 | _a240p | ||
| 650 | _aReferences | ||
| 942 |
_cBK _2ddc _h616.852706 _iDOS/D _k616.852706 _mDOS/D |
||